[Event "Santo Domingo Independencia op 8th"]
[Site "Santo Domingo"]
[Date "2019.02.24"]
[Round "8"]
[White "Ramirez Reyes, Braulio Fernando"]
[Black "Acevedo Vargas, Julio"]
[Result "1-0"]
[WhiteElo "2113"]
[BlackElo "1898"]
[PlyCount "55"]
[EventDate "2019.02.15"]
[EventType "swiss"]
[EventRounds "8"]
[EventCountry "DOM"]
[SourceTitle "CBM 189 Extra"]
[Source "ChessBase"]
[SourceDate "2019.06.03"]
[SourceVersion "1"]
[SourceVersionDate "2019.06.03"]
[SourceQuality "1"]

1. d4 d5 2. f4 e6 3. e3 Nf6 4. Bd3 g6 5. Nf3 Bg7 6. 0-0 0-0 7. Nbd2 Nbd7 8. c3 c5 9. Ne5 b6 10. Qe2 Bb7 11. Rf3 a5 12. Rh3 c4 13. Bc2 Rc8 14. g4 Nb8 15. Qg2 Rc7 16. g5 Ne8 17. e4 Nc6 18. Nxc6 Rxc6 19. e5 Nc7 20. Nf1 b5 21. Ne3 b4 22. Ng4 bxc3 23. bxc3 Nb5 24. a4 Na7 25. Ba3 Re8 26. Nf6+ Bxf6 27. gxf6 Qd7 28. Rxh7 1-0

[Event "Santo Domingo Duarte Memorial 8th"]
[Site "Santo Domingo"]
[Date "2019.01.25"]
[Round "5"]
[White "Ramirez Reyes, Braulio Fernando"]
[Black "Montero Marcelle, Henry"]
[Result "1-0"]
[WhiteElo "2106"]
[BlackElo "1741"]
[PlyCount "49"]
[EventDate "2019.01.18"]
[EventType "swiss"]
[EventRounds "8"]
[EventCountry "DOM"]
[SourceTitle "CBM 188 Extra"]
[Source "ChessBase"]
[SourceDate "2019.02.26"]
[SourceVersion "1"]
[SourceVersionDate "2019.02.26"]
[SourceQuality "1"]

1. d4 f5 2. f4 Nf6 3. Nf3 e6 4. e3 Be7 5. b3 d6 6. Bb2 0-0 7. Bd3 Nc6 8. a3 Qe8 9. Nbd2 a6 10. 0-0 Qh5 11. Qe2 Bd7 12. c4 Rae8 13. Rae1 Bd8 14. Bc2 Ne7 15. Qd3 Bc6 16. Ng5 Ng6 17. Bd1 Qh6 18. Bf3 Bxf3 19. Rxf3 Ng4 20. Rh3 Nh4 21. Ndf3 Nxf3+ 22. gxf3 Qf6 23. Nxh7 Qg6 24. Nxf8 Rxf8 25. fxg4 1-0

[Event "Santo Domingo Independencia op"]
[Site "Santo Domingo"]
[Date "2018.02.23"]
[Round "5"]
[White "Mendez Ramirez, Victor"]
[Black "Ramirez Reyes, Braulio Fernando"]
[Result "0-1"]
[WhiteElo "1897"]
[BlackElo "2106"]
[PlyCount "84"]
[EventDate "2018.02.16"]
[EventType "swiss"]
[EventRounds "8"]
[EventCountry "DOM"]
[SourceTitle "CBM 187 Extra"]
[Source "ChessBase"]
[SourceDate "2018.11.04"]
[SourceVersion "1"]
[SourceVersionDate "2018.11.04"]
[SourceQuality "1"]

1. e4 d5 2. exd5 Qxd5 3. Nc3 Qa5 4. d4 c6 5. Nf3 Bg4 6. h3 Bh5 7. g4 Bg6 8. Ne5 Nd7 9. Nxd7 Kxd7 10. Bg2 e6 11. 0-0 h5 12. g5 h4 13. a3 Rd8 14. Be3 Kc8 15. b4 Qc7 16. Qe2 Ne7 17. b5 Nd5 18. Nxd5 cxd5 19. Rfc1 Qc3 20. Bd2 Qxd4 21. c4 Kb8 22. cxd5 Bd3 23. Qe1 exd5 24. Be3 Qa4 25. Qc3 Bc4 26. b6 axb6 27. Bxb6 Rd7 28. Qe5+ Bd6 29. Qxg7 Re8 30. Re1 Rc8 31. Qd4 Qc6 32. Bf3 Rg8 33. Bg4 Re7 34. a4 Qe8 35. Qc3 Re4 36. Rxe4 Qxe4 37. Qa5 Ba6 38. Qe1 Qf4 39. Kg2 Qxg5 40. Be3 Qe5 41. f4 Qe4+ 42. Kh2 f5 0-1

[Event "Santo Domingo op11"]
[Site "Santo Domingo"]
[Date "2017.11.19"]
[Round "4"]
[White "Ramirez Reyes, Braulio Fernando"]
[Black "Urena de Leon, Frank Jorge"]
[Result "1-0"]
[WhiteElo "2138"]
[BlackElo "1607"]
[PlyCount "37"]
[EventDate "2017.11.17"]
[EventType "swiss"]
[EventRounds "8"]
[EventCountry "DOM"]
[SourceTitle "CBM 181 Extra"]
[Source "ChessBase"]
[SourceDate "2017.12.12"]
[SourceVersion "1"]
[SourceVersionDate "2017.12.12"]
[SourceQuality "1"]

1. d4 Nf6 2. f4 d5 3. e3 Bf5 4. Bd3 Bg4 5. Nf3 e6 6. Nbd2 Nbd7 7. c3 Be7 8. Qb3 Rb8 9. Ne5 Nxe5 10. fxe5 Nd7 11. Qc2 h6 12. 0-0 c5 13. h3 c4 14. Bg6 0-0 15. Bh7+ Kh8 16. hxg4 g6 17. Bxg6 fxg6 18. Qxg6 Bg5 19. Nf3 1-0

[Event "Santo Domingo op"]
[Site "Santo Domingo"]
[Date "2017.04.08"]
[Round "5"]
[White "Ramirez Reyes, Braulio Fernando"]
[Black "Gomez Diaz, Leonardo de Jesus"]
[Result "1-0"]
[WhiteElo "2134"]
[BlackElo "1715"]
[PlyCount "97"]
[EventDate "2017.04.01"]
[EventType "swiss"]
[EventRounds "7"]
[EventCountry "DOM"]
[SourceTitle "CBM 177 Extra"]
[Source "ChessBase"]
[SourceDate "2017.04.27"]
[SourceVersion "1"]
[SourceVersionDate "2017.04.27"]
[SourceQuality "1"]

1. d4 Nf6 2. f4 b6 3. Nf3 e6 4. g3 Bb7 5. Bg2 d5 6. e3 Bd6 7. Nbd2 Nbd7 8. Ne5 c5 9. c3 cxd4 10. exd4 Qc7 11. 0-0 0-0 12. Qe1 Rac8 13. h3 Rfe8 14. g4 g6 15. Qg3 Ne4 16. Nxe4 dxe4 17. g5 f5 18. gxf6 Nxf6 19. Be3 Qg7 20. Rae1 Bd5 21. a3 Rc7 22. Bc1 Nh5 23. Qh2 Nf6 24. Ng4 Bc4 25. Rf2 Ree7 26. Nxf6+ Qxf6 27. Bxe4 Qh4 28. Qg2 Rg7 29. Qg4 Be7 30. Re3 h5 31. Qf3 Bd6 32. Qg3 Qf6 33. Ref3 g5 34. fxg5 Bxg3 35. gxf6 Bxf2+ 36. Kxf2 Rgd7 37. Bf4 Rc8 38. Rg3+ Kh8 39. Be5 Rf7 40. Rg6 Rcf8 41. Kg3 Be2 42. Kh4 Bf1 43. Bf3 Bd3 44. Rh6+ Kg8 45. Bxh5 Bf5 46. Kg5 Rd8 47. Bg4 Rh7 48. Bxf5 exf5 49. f7+ 1-0

[Event "Santo Domingo op"]
[Site "Santo Domingo"]
[Date "2017.04.02"]
[Round "3"]
[White "Jimenez Matos, Jimmy"]
[Black "Ramirez Reyes, Braulio Fernando"]
[Result "1-0"]
[WhiteElo "1930"]
[BlackElo "2134"]
[PlyCount "87"]
[EventDate "2017.04.01"]
[EventType "swiss"]
[EventRounds "7"]
[EventCountry "DOM"]
[SourceTitle "CBM 177 Extra"]
[Source "ChessBase"]
[SourceDate "2017.04.27"]
[SourceVersion "1"]
[SourceVersionDate "2017.04.27"]
[SourceQuality "1"]

1. d4 d5 2. Bf4 f5 3. e3 e6 4. Nf3 Nf6 5. Nbd2 c6 6. Be2 Bd6 7. Ne5 Qe7 8. Bh5+ Kf8 9. Bg5 Qc7 10. f4 Bxe5 11. fxe5 Nxh5 12. Qxh5 Qf7 13. Qxf7+ Kxf7 14. Bf4 b6 15. 0-0-0 Ba6 16. Rhg1 Nd7 17. Nf3 h6 18. h4 Be2 19. Rd2 Bxf3 20. gxf3 Rag8 21. Rdg2 g6 22. Kd2 Nf8 23. Kd3 Kg7 24. e4 Kh7 25. c4 Rg7 26. cxd5 cxd5 27. Rc2 dxe4+ 28. fxe4 Rd7 29. Rgc1 Rg8 30. Rc8 Rf7 31. Bd2 fxe4+ 32. Kxe4 Rf5 33. R1c7+ Rg7 34. Rxg7+ Kxg7 35. Rc7+ Kg8 36. Bxh6 Rh5 37. Bg5 Nh7 38. Bd8 Kf8 39. Rxa7 Ke8 40. Be7 Rf5 41. Bg5 Nf8 42. Re7+ Kd8 43. Rxe6+ Kc7 44. Rf6 1-0

[Event "Santo Domingo Independencia op"]
[Site "Santo Domingo"]
[Date "2017.03.04"]
[Round "6"]
[White "Sanchez, Ramon"]
[Black "Ramirez Reyes, Braulio Fernando"]
[Result "1-0"]
[WhiteElo "1956"]
[BlackElo "2146"]
[PlyCount "57"]
[EventDate "2017.02.24"]
[EventType "swiss"]
[EventRounds "7"]
[EventCountry "DOM"]
[SourceTitle "CBM 177 Extra"]
[Source "ChessBase"]
[SourceDate "2017.04.27"]
[SourceVersion "1"]
[SourceVersionDate "2017.04.27"]
[SourceQuality "1"]

1. e4 d5 2. exd5 Qxd5 3. Nc3 Qd6 4. d4 g6 5. Nf3 Bg4 6. Be2 Bg7 7. Nb5 Qb6 8. Bf4 Na6 9. c4 c6 10. c5 Qd8 11. Qa4 cxb5 12. Qxb5+ Qd7 13. c6 bxc6 14. Qxa6 Rc8 15. Ne5 Bxe5 16. dxe5 Bxe2 17. Kxe2 e6 18. Rhd1 Qc7 19. Rd6 Ne7 20. Rad1 Nd5 21. Bh6 Rg8 22. Rc1 Ne7 23. Bg5 Rb8 24. Bxe7 Rxb2+ 25. Kf1 Kxe7 26. Qa3 Qb6 27. Rdxc6+ Qb4 28. Rc7+ Kf8 29. Qf3 1-0

[Event "Santo Domingo Inmortales op"]
[Site "Santo Domingo"]
[Date "2016.11.25"]
[Round "5"]
[White "Soto Lora, Jose Santiago"]
[Black "Ramirez Reyes, Braulio Fernando"]
[Result "1-0"]
[WhiteElo "2001"]
[BlackElo "2150"]
[PlyCount "69"]
[EventDate "2016.11.18"]
[EventType "swiss"]
[EventRounds "8"]
[EventCountry "DOM"]
[SourceTitle "EXT 2018"]
[Source "ChessBase"]
[SourceDate "2017.10.13"]
[SourceVersion "1"]
[SourceVersionDate "2017.10.13"]
[SourceQuality "1"]

1. c4 e6 2. d4 d5 3. Nf3 f5 4. Bg5 Nf6 5. e3 c6 6. Nc3 Bd6 7. Bd3 0-0 8. 0-0 Qe8 9. Ne5 Bxe5 10. dxe5 Ng4 11. Bf4 Nd7 12. cxd5 cxd5 13. Bb5 Qg6 14. Bxd7 Bxd7 15. h3 Nh6 16. Qb3 Bc6 17. f3 Qh5 18. Bxh6 Qxh6 19. Ne2 g5 20. Rac1 Qg7 21. f4 g4 22. h4 g3 23. Rf3 Qh6 24. Rxg3+ Kh8 25. Rh3 Rg8 26. Nd4 Rg4 27. g3 Rag8 28. Kf2 Qg6 29. h5 Qf7 30. Qa3 Qg7 31. Nxe6 Qh6 32. Nd4 Qg7 33. Nxf5 Qd7 34. e6 Qxe6 35. Qc3+ 1-0

[Event "Santo Domingo La Raza op"]
[Site "Santo Domingo"]
[Date "2015.10.21"]
[Round "8"]
[White "Ramirez Reyes, Braulio Fernando"]
[Black "Batlle Ysa, Rafael Jorge"]
[Result "1-0"]
[WhiteElo "2143"]
[BlackElo "1894"]
[PlyCount "139"]
[EventDate "2015.10.12"]
[EventType "swiss"]
[EventRounds "8"]
[EventCountry "DOM"]
[SourceTitle "CBM 169 Extra"]
[Source "ChessBase"]
[SourceDate "2015.12.18"]
[SourceVersion "1"]
[SourceVersionDate "2015.12.18"]
[SourceQuality "1"]

1. d4 d5 2. f4 e6 3. Nf3 f5 4. e3 Nf6 5. Ne5 Be7 6. Bd3 0-0 7. 0-0 c5 8. c3 Nc6 9. Nd2 c4 10. Bc2 Nxe5 11. dxe5 Ng4 12. Nf3 Bd7 13. Nd4 g6 14. Qe2 Nh6 15. Rf3 b5 16. Bd2 a5 17. Kh1 Kh8 18. Rh3 Ng4 19. Rg1 b4 20. Rf3 Nh6 21. h3 bxc3 22. Bxc3 Bb4 23. g4 Bxc3 24. bxc3 Rb8 25. gxf5 gxf5 26. Rfg3 Rg8 27. Qh5 Rxg3 28. Rxg3 Qf8 29. Rg1 Re8 30. Nf3 Re7 31. Rb1 Be8 32. Qh4 Bg6 33. Rb6 Ng8 34. Nd4 Bf7 35. Nb5 Qg7 36. Bd1 Bg6 37. Nd6 Qf8 38. Rb2 Rg7 39. a4 Qa8 40. Bf3 Qa7 41. Qf2 Nh6 42. Rb5 Ng8 43. Qd2 Qe7 44. Qf2 Qa7 45. Kh2 Nh6 46. Rb1 Ng8 47. Nb5 Qc5 48. Nd4 Re7 49. Rb8 Qa3 50. Qh4 Qa2+ 51. Bg2 Be8 52. Nf3 Rg7 53. Ng5 Bf7 54. Rb7 Bg6 55. Rxg7 Kxg7 56. Nxe6+ Kh8 57. Qd8 Bf7 58. Ng5 Bg6 59. e6 Qxa4 60. Qxd5 Ne7 61. Qd7 Qa3 62. Qd4+ Kg8 63. Nf3 a4 64. Ne5 Be8 65. Nd7 Bg6 66. Qf6 Nc8 67. Qd8+ Kg7 68. Qxc8 Qd6 69. Ne5 a3 70. Qd7+ 1-0

[Event "Santo Domingo La Raza op"]
[Site "Santo Domingo"]
[Date "2015.10.13"]
[Round "3"]
[White "Ramirez Reyes, Braulio Fernando"]
[Black "Jimenez Matos, Jimmy"]
[Result "1/2-1/2"]
[WhiteElo "2143"]
[BlackElo "1943"]
[PlyCount "68"]
[EventDate "2015.10.12"]
[EventType "swiss"]
[EventRounds "8"]
[EventCountry "DOM"]
[SourceTitle "CBM 169 Extra"]
[Source "ChessBase"]
[SourceDate "2015.12.18"]
[SourceVersion "1"]
[SourceVersionDate "2015.12.18"]
[SourceQuality "1"]

1. d4 c6 2. f4 d5 3. Nf3 Nf6 4. e3 Bf5 5. c3 e6 6. Be2 c5 7. 0-0 Be7 8. Nbd2 Nc6 9. Ne5 0-0 10. g4 Be4 11. g5 Nd7 12. Nxe4 dxe4 13. Qc2 cxd4 14. exd4 Ncxe5 15. fxe5 Bxg5 16. Qxe4 Bxc1 17. Raxc1 Nb6 18. Bf3 Rb8 19. Rc2 Qg5+ 20. Rg2 Qh6 21. Bg4 Nd5 22. Kh1 Ne3 23. Rfg1 Nxg2 24. Qxg2 b5 25. Bd1 Rfd8 26. Qf2 Rbc8 27. Bb3 a5 28. a3 b4 29. axb4 axb4 30. c4 Qh3 31. Rg3 Qh5 32. Kg2 Rc7 33. Qf6 Qe2+ 34. Kh3 Qh5+ 1/2-1/2